000 01162naa a2200337 c 4500
001 36623
003 ES-MaCES
005 20150929124623.0
008 060605n2006 xxk t ||0 | eng d
035 _aCES20060008918v
040 _aES-MaCES
_bspa
_cES-MaCES
245 0 0 _aPensions
_b: a guide to the Pensions Commision proposals
500 _aResumen
650 4 _aReino Unido
_926967
650 4 _ainforme de investigación
_929446
650 4 _arendimiento profesional
_929979
650 4 _adesigualdad económica
_929371
650 4 _aderechos de la mujer
_927173
650 4 _adistribución del gasto
_930938
650 4 _aesperanza de vida
_929809
650 4 _aedad de jubilación
_930262
650 4 _asector privado
_927147
650 4 _arégimen privado de pensión
_930260
650 4 _arégimen de pensión
_927042
653 1 0 _aDerecho del trabajo y Seguridad Social
650 4 _929763
_agrupo de ahorro y crédito
773 0 _tLRD booklets
_gFeb. 2006{10298 R. 064359}; p. 7-46
_w(ES-MaCES)25309
_949732
902 _aMON Monográfico de revista
942 _2CES
_cAR
_h6.0.1.
999 _c36623
_d36623